[Event "Cornella Pinol Memorial 1st"]
[Site "Cornella de Llobregat"]
[Date "2013.11.04"]
[Round "6"]
[White "Cerro Canizares, Teodoro"]
[Black "Comellas Blanchart, Jordi"]
[Result "0-1"]
[WhiteElo "1928"]
[BlackElo "2122"]
[PlyCount "50"]
[EventDate "2013.09.30"]
[EventType "swiss"]
[EventRounds "9"]
[EventCountry "ESP"]
[SourceTitle "EXT 2015"]
[Source "ChessBase"]
[SourceDate "2014.11.20"]
[SourceVersion "1"]
[SourceVersionDate "2014.11.20"]
[SourceQuality "1"]

1. d4 Nf6 2. g3 g6 3. Bg2 d5 4. Nf3 Bg7 5. 0-0 0-0 6. Nbd2 Na6 7. c4 c5 8. cxd5 Nxd5 9. Nb3 c4 10. Nbd2 c3 11. Nb3 cxb2 12. Bxb2 Nb6 13. Rc1 Be6 14. Nfd2 Qd7 15. Re1 Rac8 16. e4 Na4 17. Ba1 Nb4 18. d5 Bg4 19. f3 Bxa1 20. Rxc8 Rxc8 21. Nxa1 Nd3 22. Rf1 Nc3 23. Qb3 Bh3 24. Nc4 Nc1 25. Qb2 Rxc4 0-1

[Event "Banyoles op 6th"]
[Site "Banyoles"]
[Date "2003.08.04"]
[Round "3"]
[White "Lommers, Frank"]
[Black "Cerro Canizares, Teodoro"]
[Result "1-0"]
[WhiteElo "2217"]
[BlackElo "100"]
[PlyCount "53"]
[EventDate "2003.08.??"]
[EventType "swiss"]
[EventRounds "9"]
[EventCountry "ESP"]
[SourceTitle "EXT 2005"]
[Source "ChessBase"]
[SourceDate "2004.11.15"]
[SourceVersion "1"]
[SourceVersionDate "2004.11.15"]
[SourceQuality "1"]

1. e4 e5 2. Nc3 Nc6 3. Bc4 Nf6 4. d3 Be7 5. f4 d6 6. Nf3 a6 7. a3 h6 8. f5 Nd4 9. Be3 c5 10. Nd5 Bd7 11. c3 Nc6 12. b4 b5 13. Bb3 Nh7 14. 0-0 Rb8 15. Qe1 Ng5 16. bxc5 dxc5 17. Qg3 c4 18. dxc4 Nxe4 19. Qg4 Ng5 20. cxb5 axb5 21. Kh1 Bf8 22. Bxg5 hxg5 23. Nxg5 Na5 24. Rfe1 Be7 25. Nxf7 Kxf7 26. Qg6+ Kg8 27. Nf6+ 1-0

[Event "Barcelona Sant Marti op 05th"]
[Site "Barcelona"]
[Date "2003.05.03"]
[Round "2.4"]
[White "Rodriguez Regull, German"]
[Black "Cerro Canizares, Teodoro"]
[Result "1-0"]
[WhiteElo "2200"]
[BlackElo "1955"]
[PlyCount "59"]
[EventDate "2003.04.26"]
[EventType "swiss"]
[EventRounds "9"]
[EventCountry "ESP"]
[SourceTitle "EXT 2004"]
[Source "ChessBase"]
[SourceDate "2003.11.25"]
[SourceVersion "1"]
[SourceVersionDate "2003.11.25"]
[SourceQuality "1"]

1. e4 e5 2. Nf3 Nc6 3. Bb5 a6 4. Ba4 Nge7 5. 0-0 g6 6. c3 Bg7 7. d4 exd4 8. cxd4 d5 9. exd5 Nxd5 10. Re1+ Be6 11. Bxc6+ bxc6 12. Ng5 0-0 13. Nxe6 fxe6 14. Nc3 Qf6 15. Ne4 Qxd4 16. Qg4 Rae8 17. Rd1 Qb6 18. Qh4 e5 19. Ng5 h6 20. Ne4 Kh7 21. Rb1 Rf5 22. g4 Rf7 23. Ng5+ Kg8 24. Nxf7 Kxf7 25. Bxh6 Qb4 26. Bxg7 Kxg7 27. Qg3 Re7 28. a3 Qc4 29. Rdc1 Qb5 30. Rc2 1-0

[Event "Martorell op-B"]
[Site "Martorell"]
[Date "1997.??.??"]
[Round "5"]
[White "Cerro Canizares, Teodoro"]
[Black "Navarro Fornos, Pere Josep"]
[Result "1-0"]
[WhiteElo "1760"]
[BlackElo "1870"]
[PlyCount "41"]
[EventDate "1997.09.??"]
[EventType "swiss"]
[EventRounds "8"]
[EventCountry "ESP"]
[SourceTitle "EXT 2003"]
[Source "ChessBase"]
[SourceDate "2002.11.25"]
[SourceVersion "1"]
[SourceVersionDate "2002.11.25"]
[SourceQuality "1"]

1. e4 c5 2. Nf3 Nc6 3. Nc3 e6 4. d4 cxd4 5. Nxd4 Bc5 6. Ndb5 d6 7. Bf4 e5 8. Bg3 a6 9. Na3 Nf6 10. Bh4 Qb6 11. Nc4 Qd8 12. Nd5 b5 13. Bxf6 gxf6 14. Nce3 Nb4 15. Qf3 Qa5 16. c3 Nxd5 17. Nxd5 Ra7 18. b4 Bxb4 19. cxb4 Qa4 20. Qc3 Rb7 21. Qxc8# 1-0

[Event "Martorell op-B"]
[Site "Martorell"]
[Date "1997.??.??"]
[Round "4"]
[White "Pala Galofre, Gerard"]
[Black "Cerro Canizares, Teodoro"]
[Result "1/2-1/2"]
[WhiteElo "1820"]
[BlackElo "1760"]
[PlyCount "83"]
[EventDate "1997.09.??"]
[EventType "swiss"]
[EventRounds "8"]
[EventCountry "ESP"]
[SourceTitle "EXT 2003"]
[Source "ChessBase"]
[SourceDate "2002.11.25"]
[SourceVersion "1"]
[SourceVersionDate "2002.11.25"]
[SourceQuality "1"]

1. d4 e5 2. e3 exd4 3. exd4 d5 4. Nf3 Nf6 5. Bd3 Bg4 6. Be3 Ne4 7. Nbd2 Nxd2 8. Bxd2 Nc6 9. Bb5 Qe7+ 10. Qe2 Qxe2+ 11. Kxe2 0-0-0 12. Bxc6 bxc6 13. h3 Re8+ 14. Be3 Bxf3+ 15. Kxf3 Bd6 16. Rae1 Re6 17. Ke2 Rhe8 18. Kd1 g6 19. Bd2 Rxe1+ 20. Rxe1 Rxe1+ 21. Kxe1 c5 22. Be3 cxd4 23. Bxd4 f5 24. Bf6 Kd7 25. Ke2 Ke6 26. Bg5 Be5 27. b3 a5 28. Kd3 c6 29. Be3 Kd6 30. c3 c5 31. g3 Kc6 32. Bd2 Kb5 33. c4+ dxc4+ 34. bxc4+ Ka4 35. Ke3 Ka3 36. Bxa5 Kxa2 37. Kd3 Bd4 38. f3 Kb3 39. Bd2 h5 40. g4 hxg4 41. fxg4 fxg4 42. hxg4 1/2-1/2

[Event "Martorell op-B"]
[Site "Martorell"]
[Date "1997.??.??"]
[Round "2"]
[White "Soidan Parcerisas, Manel"]
[Black "Cerro Canizares, Teodoro"]
[Result "0-1"]
[WhiteElo "1985"]
[BlackElo "1845"]
[PlyCount "80"]
[EventDate "1997.09.??"]
[EventType "swiss"]
[EventRounds "8"]
[EventCountry "ESP"]
[SourceTitle "EXT 2003"]
[Source "ChessBase"]
[SourceDate "2002.11.25"]
[SourceVersion "1"]
[SourceVersionDate "2002.11.25"]
[SourceQuality "1"]

1. e4 e5 2. Nf3 Nc6 3. d4 exd4 4. Nxd4 d6 5. Bc4 Nf6 6. Nxc6 bxc6 7. 0-0 Be7 8. Re1 0-0 9. Nc3 Nd7 10. f4 Kh8 11. Re3 d5 12. exd5 Bc5 13. dxc6 Nb6 14. Bd3 Qh4 15. Ne4 Bxe3+ 16. Bxe3 Nd5 17. Qd2 Re8 18. g3 Qh5 19. Bd4 f6 20. c4 Ne7 21. Bxf6 gxf6 22. Nxf6 Qc5+ 23. Kf1 Bh3+ 24. Ke2 Nf5+ 25. Nxe8 Rxe8+ 26. Kd1 Qg1+ 27. Kc2 Qxa1 28. Qc3+ Ng7 29. f5 Bg4 30. Kb3 Re3 31. f6 Qd1+ 32. Kb4 Qxd3 33. fxg7+ Kg8 34. Qf6 Qd6+ 35. Qxd6 cxd6 36. a4 Re4 37. Kc3 Kxg7 38. b4 Be6 39. b5 Re5 40. a5 Rxb5 0-1